Statistiques concernant Top 30 des chansons les plus écoutées

Cliquez ici pour prendre le quiz!

Statistiques générales

  • Ce quiz a été pris 1 073 fois
  • Le résultat moyen est 13 sur 30

Statistiques - réponses

RangMusiqueArtiste% Correct
1DespacitoLuis Fonsi Ft. Daddy Yankee
94%
5Gangnam StylePSY
88%
2Shape of YouEd Sheeran
85%
26BabyJustin Bieber Ft. Ludacris
79%
29ChandelierSIA
75%
15HelloAdèle
73%
24Waka WakaShakira
72%
3See You AgainWiz Khalifa Ft. Charlie Puth
67%
4Uptown FunkMark Ronson Ft. Bruno Mars
61%
8RoarKaty Perry
58%
6SorryJustin Bieber
49%
14Lean OnMajor Lazer & DJ Snake Ft. M0
47%
9Shake It OffTaylor Swift
46%
7SugarMaroon 5
42%
28Work from HomeFifth Harmony Ft. Ty Dolla $Ing
42%
22FadedAlan Walker
40%
17Let Her GoPassenger
37%
12Counting StarsOne Republic
33%
13Dark HorseKaty Perry Ft. Juicy J
31%
19All About That BassMegan Trainor
29%
27RockabyeClean Bandit, Sean Paul & Anne-Marie
27%
25We don't Talk AnymoreCharlie Puth Ft. Selena Gomez
25%
16Blank SpaceTaylor Swift
22%
11Thinking Out LoudEd Sheeran
21%
30What Do You MeanJustin Bieber
21%
20CloserThe Chainsmokers Ft. Halsey
20%
23This is What You Came ForCalvin Harris & Rihanna
18%
10BailandoEnrique Iglesias, D. Bueno, G. de Zona
17%
18ChantajeShakira Ft. Maluma
16%
21Mi GenteJ Balvin, Willy William
15%

Distribution des résultats

Percentile par nombre de réponses

% des personnes avec chaque résultat

Votre développement - résultats

Vous n’avez pas pris ce quiz